Education and the atom ; an evaluation of Government's role in science education and information, especially as applied to nuclear energy /

Bibliographic Details
Main Author: Seaborg, Glenn T. (Glenn Theodore), 1912-1999
Other Authors: Wilkes, Daniel M.
Format: Book
Language:English
Published: New York : McGraw-Hill, [1964]
Subjects:

MARC

Tag First Indicator Second Indicator Subfields
LEADER 00000cam a2200000 4500
001 in00000041938
005 20151007064830.0
008 740618s1964 nyu 00000 eng u
010 |a  64023183  
035 |a (OCoLC)00921411 
035 |9 AAE0711AM 
040 |c FIN  |d TXA  |d UtOrBLW 
049 |a TXAM  |c [452947] 
050 0 |a QC773.3.U5  |b S4 
082 0 |a 539.760973 
092 |a 539.707  |b S438e, 1964 
100 1 |a Seaborg, Glenn T.  |q (Glenn Theodore),  |d 1912-1999. 
245 1 0 |a Education and the atom ;  |b an evaluation of Government's role in science education and information, especially as applied to nuclear energy /  |c [by] Glenn T. Seaborg [and] Daniel M. Wilkes. 
264 1 |a New York :  |b McGraw-Hill,  |c [1964] 
300 |a 150 pages :  |b illustrations, maps, portraits (1col.) ;  |c 24 cm. 
336 |a text  |b txt  |2 rdacontent 
337 |a unmediated  |b n  |2 rdamedia 
338 |a volume  |b nc  |2 rdacarrier 
610 1 0 |a U.S. Atomic Energy Commission. 
650 0 |a Science and state  |z United States. 
700 1 |a Wilkes, Daniel M. 
999 |a MARS 
999 f f |s f64b2e68-903d-32d8-b909-6eb2a8cb7982  |i 564e23be-0f97-334c-b5d6-ee29e51d3802  |t 0 
952 f f |p ric  |a Texas A&M University  |b Rellis Campus  |c Joint Library Facility  |d Remote Storage  |t 0  |e QC773.3.U5 S4  |h Library of Congress classification  |i unmediated -- volume  |m A14800929471 
998 f f |a QC773.3.U5 S4  |t 0  |l Remote Storage